000 00363nam a2200145Ia 4500
008 191201s2010 xx 000 0 und d
082 _a621.22
_bMAI
100 _aMAJUMDAR, B. C
245 0 _aIntroduction to Tribology of Bearings
250 _aRep
260 _aN. Delhi
_bS Chand and Co. Ltd.
_c2010
300 _a288
650 _aB.Tech(ME)
942 _2ddc
_cBK
999 _c4529
_d4529